Voyage autour de mon jardin

محفوظ في:
التفاصيل البيبلوغرافية
المؤلف الرئيسي: Karr, Alphonse
التنسيق: كتاب
اللغة:Undetermined
منشور في: París, Francia Nelson [s.f.]
الموضوعات:
الوسوم: إضافة وسم
لا توجد وسوم, كن أول من يضع وسما على هذه التسجيلة!

MARC

LEADER 00000nam a2200000Ia 4500
008 170316s9999 xx 000 0 und d
040 |a cru BVZT 
090 |a 840 K-2v 
100 |a Karr, Alphonse 
245 |a Voyage autour de mon jardin 
260 |a París, Francia 
260 |b Nelson 
260 |c [s.f.] 
300 |a 480 páginas 
650 |a LITERATURA FRANCESA 
999 |c 7752  |d 7752 
942 |c 15 D  |h 840 K-2v  |2 z